00653nam a22002057a 450000500170000001000150001702000260003202000230005803500130008103700130009408200100010724500670011726000450018427000630022930000260029249000540031850000400037270000180041270000170043020130520125906.0 aENG-106978 a9780198077619c850.00 a0198077610c850.00 aEN-90511 bDBAD/PUB a364.910aCrime through time /cedited by Saurabh Dube [and] Anupama Rao aNew DelhibOxford University Pressc2013 aYMCA Library Building, 1 Jai Singh RoadbNew Delhie110001 alxiii,309p.c22cm(Hb) aOxford in India readings themes in Indian history aIncludes bibliographical references aDube, Saurabh aRao, Anupama